Junie B. Jones is a party animal / (Record no. 2372)

MARC details
000 -LEADER
fixed length control field 01130cam a2200325 a 4500
005 - DATE AND TIME OF LATEST TRANSACTION
control field 20240701092947.0
020 ## - INTERNATIONAL STANDARD BOOK NUMBER
International Standard Book Number 0679986634 (lib. bdg.)
020 ## - INTERNATIONAL STANDARD BOOK NUMBER
International Standard Book Number 9780439137522
020 ## - INTERNATIONAL STANDARD BOOK NUMBER
International Standard Book Number 067988663X (pbk.)
040 ## - CATALOGING SOURCE
Original cataloging agency DLC
Transcribing agency DLC
Modifying agency DLC
Language of cataloging eng
050 00 - LIBRARY OF CONGRESS CALL NUMBER
Classification number PZ7.P2197
Item number Jtwj 1997
082 00 - DEWEY DECIMAL CLASSIFICATION NUMBER
Classification number 813.54
Edition number 21
100 1# - MAIN ENTRY--PERSONAL NAME
Personal name Park, Barbara
245 10 - TITLE STATEMENT
Title Junie B. Jones is a party animal /
Statement of responsibility, etc. by Barbara Park ; illustrated by Denise Brunkus.
250 ## - EDITION STATEMENT
Edition statement First Scholastic printing, January 1999
260 ## - PUBLICATION, DISTRIBUTION, ETC.
Place of publication, distribution, etc. New York :
Name of publisher, distributor, etc. Scholastic,
Date of publication, distribution, etc. 1997
300 ## - PHYSICAL DESCRIPTION
Extent 71 pages :
Other physical details illustrations ;
Dimensions 20 cm
490 1# - SERIES STATEMENT
Series statement The Junie B. Jones series ;
Volume/sequential designation Book 10
500 ## - GENERAL NOTE
General note "A Stepping Stone book."
505 ## - FORMATTED CONTENTS NOTE
Formatted contents note K
520 ## - SUMMARY, ETC.
Summary, etc. Lucille invites Junie B. and her friend Grace to sleep over at her very rich nanna's house, where everything is beautiful, expensive, and breakable.
521 ## - TARGET AUDIENCE NOTE
Target audience note 530 <br/>
Source Lexile<br/>
521 ## - TARGET AUDIENCE NOTE
Target audience note K <br/>
Source Raz-Plus<br/>
650 #1 - SUBJECT ADDED ENTRY--TOPICAL TERM
Topical term or geographic name entry element Grandmothers
General subdivision Fiction.
650 #1 - SUBJECT ADDED ENTRY--TOPICAL TERM
Topical term or geographic name entry element Wealth
General subdivision Fiction.
700 1# - ADDED ENTRY--PERSONAL NAME
Personal name Brunkus, Denise
Relator term illustrator
906 ## - LOCAL DATA ELEMENT F, LDF (RLIN)
a 7
b cbc
c orignew
d 1
e ocip
f 19
g y-gencatlg
942 ## - ADDED ENTRY ELEMENTS (KOHA)
Source of classification or shelving scheme Dewey Decimal Classification
Koha item type Books
Suppress in OPAC No
999 ## -
-- 2372
-- 2372
Holdings
Withdrawn status Lost status Source of classification or shelving scheme Damaged status Not for loan Collection Home library Current library Shelving location Date acquired Total Checkouts Full call number Barcode Date last seen Copy number Price effective from Koha item type
    Dewey Decimal Classification     Juvenile Fiction Footprints International School Library Network Toul Kork Campus Footprints International School Library Network Toul Kork Campus TK Primary Library Room(4th Floor), Bookcase 3&4, Shelves 17-32, Yellow Books 11/20/2023   PAR 813.54 PZ7.P2197 FISTK03829 11/20/2023 1 11/20/2023 Books
    Dewey Decimal Classification     Juvenile Fiction Footprints International School Library Network Toul Kork Campus Footprints International School Library Network Toul Kork Campus TK Primary Library Room(4th Floor), Bookcase 3&4, Shelves 17-32, Yellow Books 07/01/2024   PAR 813.54 PZ7.P2197 2024-0907 07/01/2024 2 07/01/2024 Books
    Dewey Decimal Classification     Juvenile Fiction Footprints International School Library Network Toul Kork Campus Footprints International School Library Network Toul Kork Campus TK Primary Library Room(4th Floor), Bookcase 3&4, Shelves 17-32, Yellow Books 10/22/2024   PAR 813.54 PZ7.P2197 2024-2192 10/22/2024 3 10/22/2024 Books